000 00398nam a2200169Ia 4500
008 230524s9999 xx 000 0 und d
020 _a9788122418255
082 _a551.48
_bRAG
100 _aH.M.Raghunath
_941495
245 0 _aHydrology
250 _a2
260 _aNew Delhi
_bNew Age Int.
_c2013
300 _a"xii,457p;"
500 _aQuantity Number: 1
650 _aCivil
942 _cBK
999 _c55763
_d55763